• 首页
  • 本馆介绍
  • 公告通知
  • 最新文献
  • 馆藏检索
  • 电子资源
  • 读者导购
  • 参考咨询
  • 我的图书馆
  • 登录
  • 详细信息显示
  • 放入我的书架
  • 预约/预借图书
  • 作者相关作品
  • 分类相关作品
  • 丛书相关作品
  • 出版社相关作品

书目信息

  • 表格格式
  • 工作单格式
  • 卡片格式
题名:
菜豆、豇豆无公害标准化栽培技术
    
 
作者: 陶国栅 主编
分册:  
出版信息: 北京   化学工业出版社  2010
页数: 178页
开本: 21cm
丛书名: 蔬菜栽培技术丛书
单 册:
中图分类: S643.1 , S643.4
科图分类:
主题词: 菜豆--栽培--无污染技术 , 豇豆--栽培--无污染技术 , 菜豆 , 豇豆
电子资源:
ISBN: 978-7-122-06866-8
000 01028oam2 2200301 45
001 1033106687
005 20100407164551.51
010    @a978-7-122-06866-8@dCNY12.80
100    @a20100401d2010 em y0chiy50 ea
101 0  @achi
102    @aCN@b110000
105    @aa z 000yy
106    @ar
200 1  @a菜豆、豇豆无公害标准化栽培技术@ACai Dou、 Jiang Dou Wu Gong Hai Biao Zhun Hua Zai Pei Ji Shu@f陶国栅主编@FTao Guo Zha Zhu Bian
210    @a北京@c化学工业出版社@d2010
215    @a178页@c图@d21cm
225 2  @a蔬菜栽培技术丛书
330    @a本书讲述了菜豆、豇豆的生长发育条件,优良品种选择,露地、塑料大棚及日光温室栽培技术,并讲解了除草剂的应用及主要病虫害的防治,阐述了农药使用规范与注意事项。
461  0 @12001 @a蔬菜栽培技术丛书
606 0  @a菜豆@x栽培@x无污染技术
606 0  @a豇豆@x栽培@x无污染技术
606 0  @a菜豆
606 0  @a豇豆
690    @aS643.1@v4
690    @aS643.4@v4
701  0 @a陶国栅@ATao Guo Zha@4主编
801  0 @aCN@bTANGWEI@c20100407
905    @b0588502-06@dS643.1@e187@f5
    
    菜豆、豇豆无公害标准化栽培技术/陶国栅主编.-北京:化学工业出版社,2010
    178页:图;21cm.-(蔬菜栽培技术丛书)
    
    
    ISBN 978-7-122-06866-8:CNY12.80
    本书讲述了菜豆、豇豆的生长发育条件,优良品种选择,露地、塑料大棚及日光温室栽培技术,并讲解了除草剂的应用及主要病虫害的防治,阐述了农药使用规范与注意事项。
●
相关链接 在E读中查询图书 在五车中查询图书 在当当中查询图书 在豆瓣中查询图书


正题名:菜豆、豇豆无公害标准化栽培技术     索取号:S643.1/187         预约/预借

序号 登录号 条形码 馆藏地/架位号 状态 备注
1 0588502   205885023   第二样本阅览室/ [索取号:S643.1/187] 在馆    
2 0588503   205885032   第三借阅区/ [索取号:S643.1/187] 在馆    
3 0588504   205885041   第三借阅区/ [索取号:S643.1/187] 在馆    
4 0588505   205885050   第三借阅区/ [索取号:S643.1/187] 在馆    
5 0588506   205885069   第三借阅区/ [索取号:S643.1/187] 在馆    
唐山师范学院图书馆 欢迎您!
大连网信软件有限公司© 版权所有